MARC

Tag First Indicator Second Indicator Subfields
LEADER 00000cam a2200000 a 4500
001 in00001849430
005 20151026072507.0
007 hd afb|||baca
008 951010s1987 vau ab 000 0 eng d
035 |a (OCoLC)33268930 
035 |9 AGV1960AM 
035 |a 1503317 
040 |a YMV  |c YMV  |d TXA  |d UtOrBLW 
049 |a TXAI 
090 |a DK274  |b .S68  |a Reel 7  |a frame 421-463 
099 |a film  |a A  |a 410.3  |a Reel 7  |a frame 421-463 
100 1 |a FitzGerald, Mary C. 
245 1 4 |a The Soviet leadership on nuclear war /  |c Mary C. FitzGerald. 
264 1 |a Alexandria, Va. :  |b Center for Naval Analyses,  |c [1987] 
300 |a 39 pages 
336 |a text  |b txt  |2 rdacontent 
337 |a microform  |b h  |2 rdamedia 
338 |a microfilm reel  |b hd  |2 rdacarrier 
490 1 |a Professional paper / Center for Naval Analyses ;  |v 451 
500 |a "April 1987." 
504 |a Includes bibliographical references (pages 28-39). 
533 |a Microfilm.  |b Frederick, Md. :  |c University Publications of America,  |d c1989.  |e on reel 7 of 10 ; 35 mm.  |f (Soviet Union special studies, 1985-1988 supplement ; 7)  |f (Foreign nations, the Special studies series). 
500 |a Microform. 
651 0 |a Soviet Union  |x Military policy. 
650 0 |a Nuclear warfare. 
650 0 |a Nuclear weapons. 
710 2 |a Center for Naval Analyses. 
830 0 |a Professional paper (Center for Naval Analyses) ;  |v 451. 
830 0 |a Special studies series. Soviet Union. 1985-1988 supplement. 
830 0 |a Special studies series (University Publications of America (Firm)) 
999 |a MARS 
999 f f |s 3442b3da-f1df-32a0-b935-7b63dcbfbeed  |i c223bb28-d6b7-31e7-ba4a-845492e91cd9  |t 0 
952 f f |a Texas A&M University  |b College Station  |c Sterling C. Evans Library  |d Evans: Microforms Film (3rd floor)  |t 0  |e DK274 .S68 Reel 7 frame 421-463  |h Library of Congress classification 
998 f f |a DK274 .S68 Reel 7 frame 421-463  |t 0  |l Evans: Microforms Film (3rd floor)